000 00889nam a22002537a 4500
005 20240530110525.0
008 160301s2013 ua g 000 0 ara d
017 _a2013/3171
_bمصر . دار الكتب المصرية
020 _a9789774312772
040 _aEG-CaGPL
082 0 4 _221
_a212\
_bم ك
100 0 _aمصطفى رجب
245 1 0 _aكنوز تربوية من السنة /
_cمصطفى رجب
250 _aط1
260 _aالقاهرة :
_bمؤسسة طيبة للنشر و التوزيع ،
_c2013 .
300 _a355 ص ؛
_c24 سم .
650 0 4 _aالتربية الاسلامية
650 0 4 _aالاخلاق الاسلامية
650 0 4 _aالتعليم الدينى الاسلامى
650 0 4 _aالوعظ و الارشاد
650 0 4 _aالثقافة الاسلامية
942 _2ddc
_cBK
999 _c61978
_d61978